000 00681nam a2200217Ii 4500
003 JO-AjNU
008 230606s9999||||xx |||||||||||||| ||und||
020 _a0-435-27102-4
040 _aJO-AjNU
_beng
_erda
_cJO-AjNU
041 _aeng
050 1 4 _aPE1128.M54 1983
100 3 _aMilne, John,
_eauthor
_95535
245 0 0 _a Road to nowhere :ill
264 3 1 _aLondon :heinemannEducational Booksm 1975
300 _a51p
336 _atext
_btxt
_2rdacontent
337 _aunmediated
_bn
_2rdamedia
338 _avolume
_bnc
_2rdacarrier
490 0 _a Heinemann guided readers. elementary level ; 1 
650 4 _a English language -- Textbooks for foreign speakers. 
_95536
999 _aE2863
_c2861
_d2861